Normal view
MARC view
- Hart, Peter E.
Entry Personal Name
001 - CONTROL NUMBER
- control field: 95533
003 - CONTROL NUMBER IDENTIFIER
- control field: NUST
005 - DATE AND TIME OF LATEST TRANSACTION
- control field: 20220727150712.0
008 - FIXED-LENGTH DATA ELEMENTS
- fixed length control field: 220727|| aca||aabn | a|a d
040 ## - CATALOGING SOURCE
- Original cataloging agency: NUST
- Transcribing agency: NUST
100 ## - HEADING--PERSONAL NAME
- Personal name: Hart, Peter E.
- Dates associated with a name: 1941-
670 ## - SOURCE DATA FOUND
- Source citation: Work cat.: (NUST)175462: Duda, Richard O. 95532, Pattern classification /, c2001.
